Louise Welshová: Izba bolesti (plnokrvné postavy z krvi stečené)

Bibliographic Details
Main Author: Prokešová, Viera, 1957-2008 (Author)
Format: Article
Language:Slovak
Subjects:

MARC

LEADER 00000nab a2200000 a 4500
001 vtls008304497
003 SK-MaSNL
005 20260304140056.0
008 250505c2005 xo mr|p|||||||000 b|slo
015 |a SNBRB2005/10  |2 snkbucl 
035 |a (uuid)d28caaac-c08a-4170-a522-4d562dd4595c 
035 |a urn:nbn:sk:snk-abbz6b 
035 |a (urnnbn)urn:nbn:sk:snk:ar-004hba 
038 |a SNKBUCL 
040 |a SNKBUCL  |b slo  |c SNKBUCL  |e AACR2 
041 0 |a slo 
044 |a xo  |c SK 
080 |a 82.09:821.111 (410.5)-31  |x (048)  |2 1997 
080 |a 821.111 (410.5)-31  |x (048)  |2 1997 
100 1 |a Prokešová, Viera,  |d 1957-2008  |4 aut  |9 98786 
245 1 0 |a Louise Welshová: Izba bolesti (plnokrvné postavy z krvi stečené)  |c Viera Prokešová 
650 0 7 |a spoločenské romány, škótske anglické  |x recenzie  |2 snkbucl  |9 871798 
773 0 |t Revue svetovej literatúry  |g Roč. XXXXI, č. 2 (2005), s. 153-154 
787 0 8 |i Rec.:  |a Welsh, Louise  |t Izba bolesti  |d Bratislava : Ikar, 2004  |z 8055107521 
850 |a Slovenská národná knižnica 
852 |a Slovenská národná knižnica 
958 |a article15 
958 |a OND 
958 |a RC 
958 |a GB 
958 |a LX 
958 |a EUIPO 
999 |c 2913464  |d 2915394